Сборник правил и руководящих материалов по котлонадзору

Chi tiết về thư mục
Tác giả khác: Кондрашов А. М. (составитель), Сигалов Л. Б.
Ngôn ngữ:Tiếng Nga
Được phát hành: Москва, Недра, 1971
Phiên bản:2-е изд., доп. и перераб.
Những chủ đề:
Định dạng: Sách
KOHA link:https://koha.lib.tpu.ru/cgi-bin/koha/opac-detail.pl?biblionumber=378611

MARC

LEADER 00000nam0a2200000 4500
001 378611
005 20231102013022.0
035 |a (RuTPU)RU\TPU\retro\36068 
035 |a RU\TPU\book\320433 
090 |a 378611 
100 |a 20230606d1971 k y0rusy50 ca 
101 0 |a rus 
102 |a RU 
105 |a a l 000zy 
200 1 |a Сборник правил и руководящих материалов по котлонадзору  |f сост. А. М. Кондрашов ; Л. Б. Сигалов 
205 |a 2-е изд., доп. и перераб. 
210 |a Москва  |c Недра  |d 1971 
215 |a 527 с. 
606 1 |a Паровые котлы  |x Технический надзор  |x Эксплуатация  |2 stltpush  |3 (RuTPU)RU\TPU\subj\48206  |9 67083 
610 1 |a котельные установки 
610 1 |a промышленные предприятия 
610 1 |a правила 
610 1 |a руководящие материалы 
610 1 |a котлонадзор 
610 1 |a методические указания 
675 |a 621.182.004  |v 3 
702 1 |a Кондрашов  |b  А. М.  |4 220 
702 1 |a Сигалов  |b Л. Б.  |4 220 
801 0 |a RU  |b 63413507  |c 20011210  |g PSBO 
801 2 |a RU  |b 63413507  |c 20230606  |g RCR 
900 |a Котельные установки промпредприятий 
942 |c BK